00998 2200361 4500001002100000005001500021035002500036008004100061245006100102100002100163260003800184300005100222020002200273084000800295520001900303650002000322856000900342990001900351990001900370990001900389990001900408990001900427990001900446990001900465990001900484990001900503990001900522990001900541990001900560990001900579990001900598990001900617INLIS00000000000489320200316120421 a0010-121900000004893200316 | ind 1 aDesain tekstil menggunakan photoshop /cDoddi k .permana0 aDoddi k .permana aINFORMATIKA :bINFORMATIKA,c2009 ai.603hlm : 15 x 21 cm ;ci.603hlm : 15 x 21 cm a978-979-1153-74-4 a5,5 aDAK 2019 3 EKS 4aPhotoshop 005.5 aUmum aB2019112712185 aB2019112712186 aB2019112712187 aB2019112712185 aB2019112712186 aB2019112712187 aB2019112712187 aB2019112712185 aB2019112712186 aB2019112712186 aB2019112712185 aB2019112712187 aB2019112712186 aB2019112712185 aB2019112712187